LEADER 00793nam0-22002771i-450 001 990008013430403321 005 20221005122936.0 035 $a000801343 100 $a20050225d2003----km-y0itay50------ba 101 0 $afre 102 $aIT 105 $a----a---001yy 200 1 $a<>ruines de Pompéi$fpar F. Mazois 210 $aRavenna$cValerio Maioli$d2003 215 $aX, 59 p., 40 c. di tav.$cill.$d42 cm 610 0 $aPompei$aScavi archeologici 676 $a937.07$v21$zita 702 1$aMazois,$bFrançois$f<1783-1826> 801 0$aIT$bUNINA$c20050225$gRICA$2UNIMARC 901 $aBK 912 $a990008013430403321 952 $a937.07 MAZ 1$bs.i.$fFLFBC 952 $a937.07 .MAZ 1 BIS$bs.i.$fFLFBC 959 $aFLFBC 996 $aRuines de Pompéi$9750369 997 $aUNINA LEADER 01327oam 2200409z- 450 001 9910143029603321 005 20241212215529.0 010 $a9781509085828 010 $a1509085823 035 $a(CKB)1000000000331502 035 $a(EXLCZ)991000000000331502 100 $a20220614c2007uuuu -u- - 101 0 $aeng 200 10$a2007 3rd International Conference on Recent Advances in Space Technologies 210 $cIEEE 311 08$a9781424410569 311 08$a1424410568 311 08$a9781424410576 311 08$a1424410576 517 $a2007 3rd International Conference on Recent Advances in Space Technologies 517 $aSoftware Engineering Conference 606 $aAstronautics$vCongresses 606 $aAstronautics and state$vCongresses 606 $aSpace sciences$vCongresses 606 $aRemote sensing$vCongresses 606 $aArtificial satellites$vCongresses 615 0$aAstronautics 615 0$aAstronautics and state 615 0$aSpace sciences 615 0$aRemote sensing 615 0$aArtificial satellites 676 $a629.4 712 02$aInstitute of Electrical and Electronics Engineers. 906 $aPROCEEDING 912 $a9910143029603321 996 $a2007 3rd International Conference on Recent Advances in Space Technologies$92871342 997 $aUNINA